01005nab a22002537a 4500999001500000003000400015005001700019008004100036040000700077100003200084245009600116260004200212300001100254500003600265505007200301505008900373650002600462650003400488650004000522650002500562650003100587773012000618942001300738 c6534d6534OSt20260223110024.0190506c xxu||||| |||| 00| 0 spa d cPJ 94182aDíaz, Viviana Laura10aAmbiente y género :bun maridaje clave para el desarrollo humano /cViviana Laura Díaz. aBuenos Aires :bAbeledoPerrot,c2024. ap. 3-6 aCita: TR LALEY AR/DOC/204/2024. aSumario: I. La perspectiva argentina.— II. Programa Empleo Verde. t¿Te interesa el texto completo? Comunicate al correo: koha@justierradelfuego.gov.ar 091316aDERECHO LABORAL 094044aPERSPECTIVA DE GÉNERO 09179aGARANTIAS CONSTITUCIONALES › 09217aPODER JUDICIAL  09766aCONSTITUCION NACIONAL0 0275193202dBuenos Aires : AbeledoPerrot, 2013-tRevista de derecho laboral y seguridad social. Nº 6 - Marzo 2024 2udccANA